[Event "2BLW 1920 SV Koblenz - Bochumer SV 02"]
[Site "?"]
[Date "2019.10.20"]
[Round "2.3"]
[White "Jellinghaus, Lars"]
[Black "Fritsche, Lutz"]
[Result "1/2-1/2"]
[WhiteElo "2244"]
[BlackElo "2302"]
[PlyCount "164"]
[EventDate "2019.??.??"]

1. d4 e6 2. c4 f5 3. g3 Nf6 4. Bg2 d5 5. Nh3 Be7 6. O-O O-O 7. b3 a5 8. Nd2 a4
9. Bb2 c6 10. Bc3 Na6 11. bxa4 Ne4 12. Nxe4 fxe4 13. f3 exf3 14. exf3 dxc4 15.
Qe2 Nc7 16. Qxc4 Nd5 17. Bd2 Nb6 18. Qb3 Rxa4 19. Rab1 Rxd4 20. Ba5 Rd3 21.
Qxb6 Qd5 22. Bb4 c5 23. Be1 Qxa2 24. Qb2 Qxb2 25. Rxb2 Bf6 26. Rb1 Ra3 27. f4
b5 28. Bf2 Rc3 29. Rfc1 Rxc1+ 30. Rxc1 c4 31. Bc5 Rd8 32. Nf2 Kf7 33. Ne4 Be7
34. Bxe7 Kxe7 35. Rb1 Bd7 36. Bf1 Ra8 37. Kf2 Ra3 38. Ng5 c3 39. Bd3 b4 40.
Rxb4 c2 41. Bxc2 Ra2 42. Rc4 Bb5 43. Rc7+ Kd6 44. Rxg7 Rxc2+ 45. Ke3 Rxh2 46.
Rxh7 Rxh7 47. Nxh7 Ba4 48. Kd4 Bd1 49. Nf6 Bf3 50. Ne4+ Ke7 51. Ke5 Be2 52. Nf6
Bd3 53. g4 Be2 54. g5 Bd3 55. Ne4 Bc2 56. Nc5 Bf5 57. Nb3 Kf7 58. Nd4 Bg4 59.
Kd6 Bh3 60. Nc6 Kg6 61. Ne5+ Kf5 62. Ke7 Kxf4 63. g6 Bf5 64. g7 Bh7 65. Nd7 Kg5
66. Kf7 Bg6+ 67. Kg8 e5 68. Nxe5 Bf5 69. Kf8 Bh7 70. Nc6 Kf6 71. Ne7 Ke6 72.
Nc8 Kf6 73. Nd6 Kg6 74. Nf7 Kf6 75. Nd8 Kg6 76. Ne6 Kf6 77. Nc7 Kg6 78. Nd5 Kf5
79. Kf7 Bg6+ 80. Ke7 Bh7 81. Nf6 Kg6 82. Nxh7 Kxg7 1/2-1/2

[Event "2BLW 1920 SV Koblenz - Bochumer SV 02"]
[Site "?"]
[Date "2019.10.20"]
[Round "2.4"]
[White "Hammes, Michael"]
[Black "Kiese, Matthias"]
[Result "1-0"]
[WhiteElo "2341"]
[BlackElo "2208"]
[PlyCount "167"]
[EventDate "2019.??.??"]

1. d4 d5 2. c4 e6 3. Nc3 Nf6 4. cxd5 exd5 5. Bg5 Be7 6. e3 c6 7. Qc2 Nbd7 8.
Bd3 O-O 9. Nf3 Re8 10. O-O g6 11. h3 Nh5 12. Bh6 Bf8 13. Bxf8 Nxf8 14. b4 Qd6
15. Rab1 Nf6 16. Rfd1 Be6 17. b5 c5 18. dxc5 Qxc5 19. Qb2 N8d7 20. Rbc1 Qe7 21.
Na4 Nb6 22. Nc5 Nc4 23. Bxc4 dxc4 24. Nxe6 Qxe6 25. Nd4 Qd5 26. Ne2 Qe5 27. Qb4
Rad8 28. Qxc4 Ne4 29. Rxd8 Rxd8 30. Nd4 Qf6 31. Qc2 Re8 32. Nf3 h5 33. h4 Nd6
34. Qb3 Nf5 35. Qc4 Nd6 36. Qd4 Qxd4 37. Nxd4 Re5 38. a4 Re7 39. Rc5 Kg7 40.
Rd5 Nc4 41. Rd8 a5 42. bxa6 bxa6 43. Ra8 a5 44. Nc6 Rb7 45. Nxa5 Rb1+ 46. Kh2
Ne5 47. Kg3 Rb4 48. Re8 Ng4 49. f3 Nf6 50. Re5 Rxa4 51. e4 Nd7 52. Rb5 Nf8 53.
Nc6 Rc4 54. Na5 Rc7 55. Rb7 Rc5 56. Nb3 Rc4 57. Nd2 Rc2 58. Nf1 Re2 59. Rb3 Ne6
60. Ne3 Nd4 61. Rd3 Nc2 62. Nxc2 Rxc2 63. f4 Kf6 64. Ra3 Ke6 65. Kf3 Rc1 66.
Ra6+ Ke7 67. f5 Rf1+ 68. Ke2 Rf4 69. Ke3 Rxh4 70. f6+ Kd7 71. Kd4 Rh1 72. Ke5
Rb1 73. Ra7+ Ke8 74. Kf4 Rb5 75. Re7+ Kf8 76. e5 Rb2 77. Ra7 Ke8 78. Kg5 Rxg2+
79. Kh6 Re2 80. Kg7 Rxe5 81. Rxf7 g5 82. Ra7 Rf5 83. f7+ Rxf7+ 84. Rxf7 1-0

[Event "2BLW 1920 SV Koblenz - Bochumer SV 02"]
[Site "?"]
[Date "2019.10.20"]
[Round "2.5"]
[White "Schneider, Bernd"]
[Black "Repplinger, Marc"]
[Result "1/2-1/2"]
[WhiteElo "2358"]
[BlackElo "2207"]
[PlyCount "112"]
[EventDate "2019.??.??"]

1. c4 e6 2. Nf3 d5 3. d4 c5 4. cxd5 exd5 5. Nc3 Nc6 6. g3 Nf6 7. Bg2 Be7 8. O-O
O-O 9. Bg5 cxd4 10. Nxd4 h6 11. Be3 Bg4 12. h3 Be6 13. f4 Na5 14. Bf2 Nc4 15.
b3 Nd6 16. Qd3 Rc8 17. Rac1 Qa5 18. Rc2 Nde4 19. Nxe6 Nxf2 20. Rxf2 fxe6 21. e3
Bb4 22. Ne2 Bc5 23. Nd4 Qb6 24. Kh2 a6 25. Rfe2 Bxd4 26. exd4 Kf7 27. f5 Rxc2
28. fxe6+ Qxe6 29. Rxe6 Rxg2+ 30. Kxg2 Kxe6 31. Qg6 Rf7 32. g4 Re7 33. Kf3 Kd7
34. Qf5+ Kc7 35. h4 Rd7 36. g5 hxg5 37. hxg5 Ne4 38. Kg4 Rd6 39. Qf7+ Rd7 40.
Qf4+ Kc6 41. Kh5 Rd6 42. Qf8 g6+ 43. Kh6 Kc7 44. Qe7+ Kc6 45. Qe8+ Kc7 46. Qe5
Kc6 47. Kg7 Kd7 48. Kf7 Kc7 49. Qf4 Kd7 50. Qg4+ Kc7 51. Ke7 Rd8 52. Qf4+ Rd6
53. b4 Kc6 54. Qc1+ Kb5 55. Qb2 Kc4 56. a3 b5 1/2-1/2

[Event "2BLW 1920 SV Koblenz - Bochumer SV 02"]
[Site "?"]
[Date "2019.10.20"]
[Round "2.6"]
[White "Stewart, Neil"]
[Black "Pewny, Uwe"]
[Result "1/2-1/2"]
[WhiteElo "2222"]
[BlackElo "2212"]
[PlyCount "133"]
[EventDate "2019.??.??"]

1. d4 d6 2. Nf3 Nf6 3. c4 g6 4. Nc3 Bg7 5. e4 O-O 6. Be2 e5 7. d5 a5 8. Bg5 h6
9. Be3 Ng4 10. Bc1 f5 11. exf5 gxf5 12. g3 Na6 13. Nh4 Nc5 14. f3 Nf6 15. Qc2
e4 16. O-O Bd7 17. Be3 exf3 18. Bxf3 Ng4 19. Bxg4 fxg4 20. Rxf8+ Qxf8 21. Qd2
Re8 22. Rf1 Qe7 23. Bxh6 Bxh6 24. Qxh6 Qe3+ 25. Qxe3 Rxe3 26. Ng2 Re7 27. Re1
Kf7 28. Rxe7+ Kxe7 29. Nf4 Kf6 30. Kf2 Ke5 31. Ke3 Bf5 32. Nb5 c6 33. dxc6 bxc6
34. Nd4 Bd7 35. Nd3+ Nxd3 36. Kxd3 c5 37. Nb3 a4 38. Nd2 Be6 39. a3 Bd7 40. b3
Bf5+ 41. Ke3 axb3 42. Nxb3 Be6 43. Nd2 Bd7 44. Ne4 Be6 45. Nf2 Kf5 46. Kd3 Bd7
47. Nd1 Ke6 48. Ke4 Bc6+ 49. Kf4 d5 50. cxd5+ Kxd5 51. Kxg4 Kd4 52. Kf4 c4 53.
g4 c3 54. Ne3 Ba4 55. h4 c2 56. Nxc2+ Bxc2 57. h5 Kd5 58. h6 Ke6 59. a4 Kf6 60.
g5+ Kg6 61. a5 Bd3 62. Ke3 Ba6 63. Kd4 Bf1 64. Kc5 Bd3 65. Kb6 Kxg5 66. a6 Kxh6
67. a7 1/2-1/2

[Event "2BLW 1920 SV Koblenz - Bochumer SV 02"]
[Site "?"]
[Date "2019.10.20"]
[Round "2.7"]
[White "Wolter, Detlev"]
[Black "Steinacker, Alex"]
[Result "1/2-1/2"]
[WhiteElo "2218"]
[BlackElo "2295"]
[PlyCount "71"]
[EventDate "2019.??.??"]

1. d4 g6 2. Nf3 Nf6 3. g3 Bg7 4. Bg2 O-O 5. O-O d6 6. c4 Nc6 7. d5 Na5 8. Nbd2
c5 9. e4 Bg4 10. h3 Bxf3 11. Bxf3 a6 12. Rb1 b5 13. b3 Rb8 14. cxb5 axb5 15. b4
cxb4 16. Rxb4 Qd7 17. Bg2 Rfc8 18. Nb3 Ra8 19. Nxa5 Rxa5 20. Qb3 Ne8 21. Bb2
Bxb2 22. Qxb2 Qa7 23. Ra1 Qc5 24. Bf1 Nc7 25. Rc1 Qa7 26. Rc2 Ra8 27. Qb1 Ne8
28. Rbb2 Nf6 29. Qe1 b4 30. Bg2 Rb8 31. Rxb4 Rxb4 32. Qxb4 Rxa2 33. Rxa2 Qxa2
34. Qb7 Kf8 35. Qb8+ Kg7 36. Qb7 1/2-1/2

[Event "2BLW 1920 SV Koblenz - Bochumer SV 02"]
[Site "?"]
[Date "2019.10.20"]
[Round "2.8"]
[White "Bohn, Thomas"]
[Black "Ganzer, Uwe"]
[Result "1-0"]
[WhiteElo "2325"]
[BlackElo "2228"]
[PlyCount "53"]
[EventDate "2019.??.??"]

1. f4 d5 2. Nf3 g6 3. g3 Bg7 4. Bg2 c5 5. d3 Nc6 6. O-O Nf6 7. c3 O-O 8. Qc2 d4
9. Na3 Nd5 10. Bd2 e5 11. fxe5 Nxe5 12. Nxe5 Bxe5 13. Nc4 Bg7 14. Qb3 Nb6 15.
Na5 Qe7 16. Rae1 Be6 17. c4 Bc8 18. Qa3 Be5 19. Nb3 Nd7 20. e3 Qd6 21. exd4
Bxd4+ 22. Nxd4 Qxd4+ 23. Be3 Qg7 24. Bd5 Nf6 25. Bxc5 Nxd5 26. Bxf8 Qd4+ 27.
Rf2 1-0

[Event "2BLW 1920 DJK Aachen - SC Remagen Sinzi"]
[Site "?"]
[Date "2019.10.20"]
[Round "2.1"]
[White "Cyborowski, Lukasz"]
[Black "Dambacher, Martijn"]
[Result "1-0"]
[WhiteElo "2501"]
[BlackElo "2496"]
[PlyCount "117"]
[EventDate "2019.??.??"]

1. Nf3 f5 2. d3 d5 3. g3 Nf6 4. Bg2 e6 5. O-O Be7 6. Nbd2 O-O 7. e4 fxe4 8.
dxe4 dxe4 9. Ng5 e3 10. fxe3 Nc6 11. Qe2 Bd7 12. b3 Qe8 13. Bb2 Qg6 14. Nge4
Nxe4 15. Nxe4 Rad8 16. Rxf8+ Bxf8 17. Rd1 Be7 18. a3 Qh6 19. b4 a6 20. c4 b6
21. b5 axb5 22. cxb5 Na5 23. Be5 Be8 24. Rxd8 Bxd8 25. Qd3 Nb7 26. Bf4 Qh5 27.
Nc3 Nd6 28. Bxd6 cxd6 29. Qxd6 Qg5 30. Qxe6+ Bf7 31. Qe4 Qc5 32. Qd3 Bf6 33.
Nd5 Bxd5 34. Bxd5+ Kf8 35. Kg2 Qc3 36. Bc4 Qxd3 37. Bxd3 h6 38. Kf3 Ke7 39. Ke4
Kd6 40. Kf5 Bc3 41. a4 Ke7 42. Bc2 Kd6 43. Kg6 Ke7 44. Bb3 Kf8 45. e4 Ke7 46.
a5 bxa5 47. b6 Kd6 48. b7 Kc7 49. Bd5 a4 50. Kf5 a3 51. e5 a2 52. Bxa2 Kxb7 53.
e6 Kc7 54. Kg6 Kd6 55. Kf7 Bf6 56. Bb3 h5 57. h4 Bd8 58. Bd1 g5 59. hxg5 1-0

[Event "2BLW 1920 DJK Aachen - SC Remagen Sinzi"]
[Site "?"]
[Date "2019.10.20"]
[Round "2.2"]
[White "Swinkels, Robin"]
[Black "Dgebuadze, Alexandre"]
[Result "1/2-1/2"]
[WhiteElo "2500"]
[BlackElo "2472"]
[PlyCount "34"]
[EventDate "2019.??.??"]

1. d4 Nf6 2. c4 e6 3. g3 d5 4. Bg2 Be7 5. Nf3 O-O 6. O-O dxc4 7. Qc2 a6 8. a4
Bd7 9. Qxc4 Bc6 10. Bf4 Nbd7 11. Nc3 Bd6 12. Bg5 h6 13. Bxf6 Nxf6 14. Rfe1 Bd5
15. Qd3 Bxf3 16. Bxf3 c6 17. Red1 a5 {(=)} 1/2-1/2

[Event "2BLW 1920 DJK Aachen - SC Remagen Sinzi"]
[Site "?"]
[Date "2019.10.20"]
[Round "2.3"]
[White "Jaracz, Pawel"]
[Black "Van Dooren, Dirk"]
[Result "1/2-1/2"]
[WhiteElo "2465"]
[BlackElo "2336"]
[PlyCount "45"]
[EventDate "2019.??.??"]

1. e4 c6 2. d4 d5 3. e5 Bf5 4. Nd2 e6 5. Nb3 Nd7 6. Nf3 Ne7 7. Be2 Rc8 8. O-O
c5 9. Nxc5 Nxc5 10. dxc5 Rxc5 11. Nd4 a6 12. Nxf5 Nxf5 13. Bd3 g6 14. Qe2 Rc8
15. Bf4 Be7 16. Rad1 Qa5 17. a3 Qa4 18. Qd2 Rg8 19. c3 h5 20. Bc2 Qc4 21. Bd3
Qa4 22. Bc2 Qc4 23. Bd3 1/2-1/2

[Event "2BLW 1920 DJK Aachen - SC Remagen Sinzi"]
[Site "?"]
[Date "2019.10.20"]
[Round "2.4"]
[White "Braga, Fernando"]
[Black "Popovic, Petar"]
[Result "1-0"]
[WhiteElo "2399"]
[BlackElo "2432"]
[PlyCount "117"]
[EventDate "2019.??.??"]

1. c4 e5 2. g3 Nf6 3. Bg2 c6 4. d4 Bb4+ 5. Bd2 Bxd2+ 6. Qxd2 d6 7. Nc3 O-O 8.
dxe5 dxe5 9. Qxd8 Rxd8 10. Nf3 e4 11. Nd2 e3 12. fxe3 Ng4 13. Nf1 Na6 14. h3
Ne5 15. Nd2 Rxd2 16. Kxd2 Nxc4+ 17. Ke1 Nxb2 18. Kf2 Kf8 19. Rab1 Nc4 20. Rhd1
Ke7 21. Ne4 Rb8 22. Rd4 Nb6 23. a3 f6 24. Rc1 Be6 25. a4 Rc8 26. a5 Nd5 27. Nc5
Nxc5 28. Rxc5 Nc7 29. Rb4 Nb5 30. a6 bxa6 31. Rxc6 Rxc6 32. Bxc6 Kd6 33. Bxb5
axb5 34. Rxb5 Bxh3 35. Rh5 Bd7 36. Rxh7 g5 37. Rf7 Ke6 38. Rf8 a5 39. Ra8 a4
40. e4 Kd6 41. Ra5 Kc7 42. Ra7+ Kd6 43. Ke3 Bb5 44. Kd4 Bxe2 45. Rxa4 Ke6 46.
Ra7 Bg4 47. Ra6+ Kf7 48. Kd5 Be2 49. Ra2 Bd3 50. Rd2 Ba6 51. Rf2 Bb7+ 52. Kd4
Kg6 53. Ra2 f5 54. e5 f4 55. Rb2 Bc8 56. Rb8 Bg4 57. Rg8+ Kf5 58. Rf8+ Kg6 59.
gxf4 1-0

[Event "2BLW 1920 DJK Aachen - SC Remagen Sinzi"]
[Site "?"]
[Date "2019.10.20"]
[Round "2.5"]
[White "Cioara, Andrei-Nestor"]
[Black "Skulener, Wladimir"]
[Result "1-0"]
[WhiteElo "2417"]
[BlackElo "2381"]
[PlyCount "62"]
[EventDate "2019.??.??"]

1. d4 d5 2. c4 c6 3. Nf3 Nf6 4. g3 a6 5. Bg2 b5 6. b3 e6 7. O-O Bd6 8. a4 bxc4
9. bxc4 a5 10. Nbd2 Nbd7 11. Qc2 Ba6 12. e4 Nxe4 13. Nxe4 dxe4 14. Ng5 Nf6 15.
Nxe4 Nxe4 16. Bxe4 Rc8 17. Rd1 h6 18. c5 Bb8 19. Rb1 Ba7 20. Bf4 f5 21. Bf3 O-O
22. Bd6 Rf7 23. Re1 Rf6 24. Rb3 Bb8 25. Bxb8 Rxb8 26. Rxb8 Qxb8 27. Bxc6 Qb4
28. Rd1 Rf8 29. d5 exd5 30. Bxd5+ Kh8 31. c6 Bc8 1-0

[Event "2BLW 1920 DJK Aachen - SC Remagen Sinzi"]
[Site "?"]
[Date "2019.10.20"]
[Round "2.6"]
[White "Gulbas, Cemil"]
[Black "Mainka, Romuald"]
[Result "1/2-1/2"]
[WhiteElo "2364"]
[BlackElo "2390"]
[PlyCount "42"]
[EventDate "2019.??.??"]

1. e4 c5 2. Nf3 e6 3. d4 cxd4 4. Nxd4 Nc6 5. Nc3 Qc7 6. Be3 a6 7. Qd2 Nf6 8.
O-O-O Bb4 9. f3 Ne7 10. Nde2 d5 11. e5 Nd7 12. f4 b5 13. Kb1 Ba5 14. Nd4 Bxc3
15. Qxc3 Qxc3 16. bxc3 Rb8 17. Nb3 Nb6 18. Nc5 Nc6 19. Bd4 O-O 20. Be2 Re8 21.
Rhf1 Re7 1/2-1/2

[Event "2BLW 1920 DJK Aachen - SC Remagen Sinzi"]
[Site "?"]
[Date "2019.10.20"]
[Round "2.7"]
[White "Geirnaert, Steven"]
[Black "Marcziter, Dmitrii"]
[Result "1-0"]
[WhiteElo "2429"]
[BlackElo "2241"]
[PlyCount "95"]
[EventDate "2019.??.??"]

1. d4 d5 2. c4 c6 3. Nc3 Nf6 4. cxd5 cxd5 5. Bf4 a6 6. e3 Nc6 7. Rc1 e6 8. Bd3
Bd6 9. Bxd6 Qxd6 10. f4 O-O 11. Nf3 b5 12. Ne5 Bb7 13. O-O Ne7 14. Qf3 Rac8 15.
g4 Ng6 16. g5 Nd7 17. Qh5 b4 18. Na4 Rxc1 19. Rxc1 Rc8 20. Rxc8+ Bxc8 21. Bxg6
fxg6 22. Qd1 Nxe5 23. fxe5 Qd8 24. h4 h6 25. Qg4 Kh7 26. b3 Qe7 27. Nc5 a5 28.
Qf4 hxg5 29. hxg5 Kg8 30. Kf2 Bd7 31. Kg3 Bb5 32. Qg4 Kf7 33. Kf4 Bd7 34. Kg3
Bb5 35. Kf2 Bd7 36. Nb7 a4 37. Nc5 axb3 38. axb3 Bb5 39. Qh3 Be8 40. Ke1 Bb5
41. Kd2 Bd7 42. Ke2 Bb5+ 43. Kf2 Be8 44. Qh8 Qa7 45. Nxe6 Kxe6 46. Qxe8+ Kf5
47. Qc8+ Kxg5 48. Kf3 1-0

[Event "2BLW 1920 DJK Aachen - SC Remagen Sinzi"]
[Site "?"]
[Date "2019.10.20"]
[Round "2.8"]
[White "Deider, Kevin"]
[Black "Polaczek, Richard"]
[Result "0-1"]
[WhiteElo "1822"]
[BlackElo "2366"]
[PlyCount "60"]
[EventDate "2019.??.??"]

1. e4 Nf6 2. e5 Nd5 3. c4 Nb6 4. d4 d6 5. exd6 cxd6 6. Nc3 g6 7. Be3 Bg7 8. Rc1
O-O 9. b3 Bf5 10. g4 Bc8 11. Be2 f5 12. Nh3 e5 13. dxe5 Bxe5 14. Nd5 Nxd5 15.
Qxd5+ Kh8 16. c5 Nc6 17. cxd6 Qe8 18. Bh6 Be6 19. Qb5 a6 20. Qxb7 Bd5 21. Bxf8
Ra7 22. Qb6 Bd4 23. d7 Rxd7 24. Bc5 Bxh1 25. Bxd4+ Nxd4 26. Qxa6 Bb7 27. Qf6+
Kg8 28. Nf4 Qe4 29. Rc3 Qb1+ 30. Kd2 Qb2+ 0-1

[Event "2BLW 1920 TSV Schott Mainz - SG Solinge"]
[Site "?"]
[Date "2019.10.20"]
[Round "2.1"]
[White "Handke, Florian"]
[Black "Lobron, Eric"]
[Result "1-0"]
[WhiteElo "2524"]
[BlackElo "2507"]
[PlyCount "43"]
[EventDate "2019.??.??"]

1. e4 c6 2. d4 d5 3. e5 Bf5 4. h4 h5 5. Bd3 Bxd3 6. Qxd3 e6 7. Bg5 Qa5+ 8. Nd2
Qa6 9. c4 Bb4 10. b3 Ne7 11. Ngf3 Nf5 12. O-O Nd7 13. Rfc1 Ba3 14. Rcb1 Nb6 15.
Qc3 dxc4 16. bxc4 c5 17. dxc5 Bxc5 18. Ne4 Rc8 19. Rb5 Na4 20. Qa5 Bf8 21. Qd2
Qc6 22. Rd1 1-0

[Event "2BLW 1920 TSV Schott Mainz - SG Solinge"]
[Site "?"]
[Date "2019.10.20"]
[Round "2.2"]
[White "Balcerak, Jakob"]
[Black "Kreisl, Robert"]
[Result "1/2-1/2"]
[WhiteElo "2473"]
[BlackElo "2391"]
[PlyCount "54"]
[EventDate "2019.??.??"]

1. d4 d5 2. c4 e6 3. Nf3 Nf6 4. g3 Bb4+ 5. Bd2 Be7 6. Bg2 O-O 7. O-O Nbd7 8.
Bf4 dxc4 9. Qc2 Nb6 10. Nbd2 Nfd5 11. Nxc4 Nxc4 12. Qxc4 Nxf4 13. gxf4 Bd6 14.
Ne5 c6 15. e3 Qe7 16. Rac1 Bd7 17. Rfd1 Be8 18. Qb3 Rb8 19. Kh1 Kh8 20. Be4 f6
21. Nc4 Bc7 22. Qc2 e5 23. dxe5 fxe5 24. Nxe5 Bxe5 25. fxe5 Qxe5 26. Rd4 Qf6
27. Rf1 Bh5 1/2-1/2

[Event "2BLW 1920 TSV Schott Mainz - SG Solinge"]
[Site "?"]
[Date "2019.10.20"]
[Round "2.3"]
[White "Wegerle, Joerg"]
[Black "Goebel, Constantin"]
[Result "1/2-1/2"]
[WhiteElo "2395"]
[BlackElo "2246"]
[PlyCount "84"]
[EventDate "2019.??.??"]

1. d4 Nf6 2. Nf3 e6 3. Bg5 c5 4. c3 b6 5. e3 Bb7 6. Nbd2 Be7 7. Bd3 Nc6 8. O-O
h6 9. Bh4 cxd4 10. Bxf6 Bxf6 11. exd4 Qc7 12. Qe2 O-O 13. Ba6 Rae8 14. Bxb7
Qxb7 15. Nc4 Qc7 16. Rfe1 Ne7 17. Nce5 g6 18. Qb5 Rd8 19. a4 d6 20. Nd3 Qd7 21.
Nb4 a5 22. Qxd7 Rxd7 23. Nd3 Rc8 24. Kf1 Bg7 25. Ra3 h5 26. Rb3 Nd5 27. Rb5 Kf8
28. Nd2 Rc6 29. f4 Nc7 30. Rb3 Nd5 31. g3 Re7 32. Rb5 Nc7 33. Rb3 Nd5 34. Re2
Ke8 35. Rb5 Nc7 36. Rb3 Nd5 37. Kg2 Kd7 38. Kf3 f5 39. Rb5 Nc7 40. Rb3 Nd5 41.
Rb5 Nc7 42. Rb3 Nd5 1/2-1/2

[Event "2BLW 1920 TSV Schott Mainz - SG Solinge"]
[Site "?"]
[Date "2019.10.20"]
[Round "2.4"]
[White "Mueller, Marco"]
[Black "Schaefer, Markus"]
[Result "1/2-1/2"]
[WhiteElo "2224"]
[BlackElo "2378"]
[PlyCount "54"]
[EventDate "2019.??.??"]

1. c4 g6 2. Nf3 Bg7 3. g3 Nf6 4. Bg2 O-O 5. b3 d6 6. Bb2 e5 7. O-O Re8 8. d3
Nbd7 9. Nbd2 Qe7 10. e4 c6 11. Re1 a5 12. a3 Nc5 13. Qc2 Qc7 14. b4 axb4 15.
axb4 Rxa1 16. Bxa1 Ne6 17. c5 Nd7 18. Nb3 b6 19. cxd6 Qxd6 20. Bc3 Ba6 21. Rd1
c5 22. bxc5 bxc5 23. h3 Rb8 24. Na5 Nd4 25. Bxd4 exd4 26. Nc4 Qc6 27. Nfd2 Bb5
1/2-1/2

[Event "2BLW 1920 TSV Schott Mainz - SG Solinge"]
[Site "?"]
[Date "2019.10.20"]
[Round "2.5"]
[White "Hobusch, Jan"]
[Black "Gohil, Harry"]
[Result "1/2-1/2"]
[WhiteElo "2230"]
[BlackElo "2234"]
[PlyCount "87"]
[EventDate "2019.??.??"]

1. d4 Nf6 2. Bf4 g6 3. Nf3 Bg7 4. Nc3 c5 5. e3 O-O 6. Be2 b6 7. O-O d6 8. h3
Ba6 9. Nb5 Bb7 10. a4 Ne4 11. c3 Nd7 12. Qb3 a6 13. Na3 Qc7 14. Rfd1 Rab8 15.
Rac1 h6 16. Bc4 Ndf6 17. Bh2 Qc6 18. d5 Qd7 19. Be2 Qf5 20. c4 g5 21. Rf1 e6
22. Rcd1 exd5 23. cxd5 h5 24. Nc4 Bxd5 25. Rxd5 Qxd5 26. Rd1 Qe6 27. Bxd6 g4
28. hxg4 Nxg4 29. Bxb8 Rxb8 30. Rf1 Qf6 31. Ncd2 Nexf2 32. Rxf2 Nxf2 33. Kxf2
b5 34. axb5 axb5 35. Bxb5 h4 36. Nc4 h3 37. gxh3 Qe6 38. Qa4 Qxh3 39. Bd7 Qh7
40. Bc6 Qg6 41. Bd5 Bxb2 42. Qa7 Rf8 43. Qxc5 Qc2+ 44. Kg3 1/2-1/2

[Event "2BLW 1920 TSV Schott Mainz - SG Solinge"]
[Site "?"]
[Date "2019.10.20"]
[Round "2.6"]
[White "Siebenhaar, Erich"]
[Black "Kniest, Oliver"]
[Result "0-1"]
[WhiteElo "2029"]
[BlackElo "2292"]
[PlyCount "64"]
[EventDate "2019.??.??"]

1. d4 Nf6 2. Nf3 e6 3. e3 b6 4. Nbd2 Bb7 5. Bd3 c5 6. b3 Nc6 7. Bb2 d5 8. O-O
Bd6 9. Ne5 O-O 10. a3 Rc8 11. f4 Ne7 12. c4 cxd4 13. exd4 Ng6 14. Qe2 Qe7 15.
b4 dxc4 16. Ndxc4 Nd5 17. Nxg6 hxg6 18. Ne5 Rfd8 19. Rae1 a5 20. bxa5 bxa5 21.
Qg4 Nf6 22. Qh3 Bc6 23. f5 gxf5 24. Bxf5 Bxe5 25. Rxe5 Qb7 26. Bxe6 fxe6 27.
Rxf6 gxf6 28. Rh5 Qg7 29. Qxe6+ Kf8 30. d5 Bd7 31. Qd6+ Kf7 32. Bxf6 Rc1+ 0-1

[Event "2BLW 1920 TSV Schott Mainz - SG Solinge"]
[Site "?"]
[Date "2019.10.20"]
[Round "2.7"]
[White "Wickenfeld, Stefan"]
[Black "Lisanti, Marco"]
[Result "0-1"]
[WhiteElo "2177"]
[BlackElo "2069"]
[PlyCount "82"]
[EventDate "2019.??.??"]

1. d4 Nf6 2. Nf3 c5 3. c3 g6 4. dxc5 a5 5. b4 Bg7 6. Bb2 b6 7. cxb6 Qxb6 8. a3
Nc6 9. Nbd2 Ba6 10. Qb3 Ng4 11. e3 Bxf1 12. Nxf1 O-O 13. Ng3 axb4 14. cxb4 Na5
15. Qa2 Bxb2 16. Qxb2 Nc4 17. Qb3 Rfc8 18. O-O Rc7 19. h3 Nf6 20. Qd3 d5 21. e4
Nb2 22. Qb3 dxe4 23. Ne5 Nd3 24. Qxf7+ Kh8 25. Ng4 Nxg4 26. hxg4 Qc6 27. Ra2 e5
28. Qb3 Nc1 29. Rxc1 Qxc1+ 30. Nf1 Qc4 31. Qb2 Qd4 32. Qb1 Rac8 33. Qb3 Rc1 34.
b5 Qd3 35. Qe6 Qxf1+ 36. Kh2 Qh1+ 37. Kg3 R8c3+ 38. f3 Rxf3+ 39. gxf3 Qxf3+ 40.
Kh4 Rh1+ 41. Kg5 Qf4# 0-1

[Event "2BLW 1920 TSV Schott Mainz - SG Solinge"]
[Site "?"]
[Date "2019.10.20"]
[Round "2.8"]
[White "Werner, Dimo"]
[Black "Gupta, Milon"]
[Result "0-1"]
[WhiteElo "1990"]
[BlackElo "2180"]
[PlyCount "72"]
[EventDate "2019.??.??"]

1. d4 d6 2. e4 Nf6 3. Nc3 e5 4. Nf3 Nbd7 5. Be2 Be7 6. O-O O-O 7. h3 c6 8. a4
b6 9. Be3 a6 10. Nd2 Bb7 11. dxe5 dxe5 12. Nc4 Qc7 13. a5 b5 14. Nb6 Rad8 15.
Bf3 Nc5 16. Qe2 Ne6 17. Na2 Rfe8 18. c3 Nc5 19. Qc2 Ne6 20. Rfd1 c5 21. Rxd8
Rxd8 22. Nc1 c4 23. b4 cxb3 24. Nxb3 Nd4 25. Bxd4 exd4 26. e5 d3 27. Qc1 Ne4
28. Bxe4 Bxe4 29. Nd4 Qxe5 30. Qe3 Bg5 31. Qe1 Bf6 32. f3 Rxd4 33. cxd4 Qxd4+
34. Kh1 Qxa1 35. Qxa1 Bxa1 36. fxe4 d2 0-1

[Event "2BLW 1920 SG Solingen II - SC Hansa Dor"]
[Site "?"]
[Date "2019.11.24"]
[Round "3.1"]
[White "Heberla, Bartlomiej"]
[Black "Nikolic, Predrag"]
[Result "1/2-1/2"]
[WhiteElo "2565"]
[BlackElo "2576"]
[PlyCount "93"]
[EventDate "2019.??.??"]

1. e4 e6 2. d4 d5 3. e5 c5 4. c3 Nc6 5. Nf3 Bd7 6. Be2 f6 7. O-O fxe5 8. dxe5
Qc7 9. Re1 O-O-O 10. Bd3 h6 11. b4 cxb4 12. a3 b3 13. Nbd2 Na5 14. Nxb3 Ba4 15.
Bc2 Bxb3 16. Bxb3 Bc5 17. Be3 Bxe3 18. Rxe3 Ne7 19. Nd4 Nf5 20. Nxf5 exf5 21.
Bxd5 Nc4 22. Rd3 Nxe5 23. Rd2 Kb8 24. Rb1 b6 25. c4 Rd6 26. Qe2 Ng4 27. g3 Nf6
28. Bg2 Rxd2 29. Qxd2 Re8 30. Qd3 Ne4 31. Rb5 g6 32. Rd5 h5 33. Qd4 Kc8 34. h4
Qe7 35. Bxe4 Qxe4 36. Qg7 Qe1+ 37. Kg2 Qe4+ 38. Kg1 Qe1+ 39. Kg2 Qe4+ 40. Kh2
Qe1 41. Qd7+ Kb8 42. Qd6+ Kb7 43. Rd2 Rc8 44. Qd5+ Kb8 45. Qd6+ Kb7 46. Qd5+
Kb8 47. Qd6+ 1/2-1/2

[Event "2BLW 1920 SG Solingen II - SC Hansa Dor"]
[Site "?"]
[Date "2019.11.24"]
[Round "3.2"]
[White "Kreisl, Robert"]
[Black "Kuzmicz, Krystian"]
[Result "1/2-1/2"]
[WhiteElo "2390"]
[BlackElo "2465"]
[PlyCount "70"]
[EventDate "2019.??.??"]

1. Nf3 g6 2. d4 Bg7 3. g3 c5 4. c3 Qa5 5. dxc5 Qxc5 6. Bg2 Nf6 7. O-O O-O 8.
Be3 Qc7 9. Na3 d6 10. Nb5 Qa5 11. c4 Nc6 12. Bd2 Qb6 13. Be3 Qd8 14. Nc3 Be6
15. Nd4 Nxd4 16. Bxd4 Bxc4 17. Bxb7 Rb8 18. Bf3 Qa5 19. b3 Ba6 20. Qd2 Bb7 21.
Ne4 Qxd2 22. Nxd2 Nd7 23. Bxg7 Kxg7 24. Rfc1 Nc5 25. Bxb7 Rxb7 26. Rc4 a5 27.
Rac1 Rfb8 28. Ne4 Nxb3 29. axb3 d5 30. Nc5 dxc4 31. Nxb7 Rxb7 32. bxc4 Kf6 33.
c5 Ke6 34. c6 Rc7 35. Rc5 h5 {(=)} 1/2-1/2

[Event "2BLW 1920 SG Solingen II - SC Hansa Dor"]
[Site "?"]
[Date "2019.11.24"]
[Round "3.3"]
[White "Klyuner, Vyacheslav"]
[Black "Halvax, Georg"]
[Result "0-1"]
[WhiteElo "2439"]
[BlackElo "2405"]
[PlyCount "156"]
[EventDate "2019.??.??"]

1. e4 c5 2. c3 d5 3. exd5 Qxd5 4. d4 Nc6 5. Nf3 Bg4 6. Be2 cxd4 7. cxd4 e6 8.
Nc3 Bb4 9. O-O Qa5 10. Be3 Nge7 11. Qb3 O-O 12. a3 Bxc3 13. bxc3 Qc7 14. c4
Rfd8 15. Rfd1 Rac8 16. Rac1 b6 17. h3 Bf5 18. Qb5 Na5 19. Qb4 Nac6 20. Qd2 Be4
21. Ng5 Bg6 22. Bg4 Nf5 23. d5 Na5 24. Bxf5 Bxf5 25. d6 Qc6 26. Qb4 Nb7 27. Nf3
Rxd6 28. Ne5 Qc7 29. Rxd6 Qxd6 30. Qxd6 Nxd6 31. Rd1 Ne8 32. g4 Bc2 33. Rd7 f6
34. Nf3 Rc7 35. Rd8 Kf7 36. Nd4 Ba4 37. Nb5 Bxb5 38. cxb5 Ke7 39. Ra8 Nd6 40.
a4 Nc8 41. Kf1 Kd7 42. Rb8 e5 43. Ke2 h6 44. Kd3 Nd6 45. Ra8 Ke6 46. f3 Rd7 47.
Kc3 Kd5 48. Kb4 e4 49. fxe4+ Kxe4 50. Bg1 Kf3 51. Bh2 Ne4 52. a5 bxa5+ 53. Kxa5
Kg2 54. Bb8 Rd8 55. Rxa7 Rxb8 56. Rxg7 Kxh3 57. b6 Ng5 58. Rg6 Kxg4 59. Rxh6
Kf5 60. Ka6 Nf7 61. Rh1 Nd6 62. Ka7 Rf8 63. Rf1+ Ke4 64. Re1+ Kf3 65. Re6 Nc8+
66. Ka6 Nxb6 67. Kxb6 f5 68. Kc5 Rd8 69. Kc4 f4 70. Kc3 Kf2 71. Re7 f3 72. Rg7
Kf1 73. Rf7 f2 74. Rg7 Rd5 75. Rg8 Ke2 76. Re8+ Kf3 77. Rf8+ Ke3 78. Kc2 Rd4
0-1